| 000 | 00555nam a2200169Ia 4500 | ||
|---|---|---|---|
| 003 | GCL | ||
| 008 | 140319s9999 xx 000 0 ara d | ||
| 040 |
_aGCL / _cGCL |
||
| 082 | 0 | 4 |
_a928.1 _bع ش |
| 100 | 1 | _aعيسى فتوح | |
| 245 | 1 | 0 |
_aشخصيات ادبية : _bسير ودراسات / _cعيسى فتوح |
| 260 |
_aسوريا : _bدار كيوان للطباعة والنشر والتوزيع ، _c2005 |
||
| 300 |
_a229 ص ؛ _c24 سم |
||
| 650 | 0 | 4 | _aالتراجم الادبية |
| 650 | 0 | 4 | _aالادباء - تراجم |
| 942 |
_2ddc _cBK |
||
| 999 |
_c8357 _d8357 |
||